| 000 | 01514cam a2200409 a 4500 | ||
|---|---|---|---|
| 001 | 4396774 | ||
| 003 | OSt | ||
| 005 | 20140310184249.0 | ||
| 008 | 920826s1993 ilua j 000 1 eng | ||
| 010 | _a 92032263 | ||
| 020 | _a0807565342 | ||
| 020 | _a0807565350 (pbk.) | ||
| 040 |
_aDLC _cDLC _dDLC _dOCoLC _dDLC _dOCoLC _dDLC |
||
| 042 | _alcac | ||
| 050 | 0 | 0 |
_aPZ 7 _b.W244Pi 1993 |
| 100 | 1 |
_aWarner, Gertrude Chandler, _d1890-1979. _928136 |
|
| 245 | 1 | 4 |
_aThe pizza mystery / _ccreated by Gertrude Chandler Warner ; illustrated by Charles Tang. |
| 260 |
_aMorton Grove, Ill. : _bA. Whitman, _cc1993. |
||
| 300 |
_a121 p. : _bill. ; _c20 cm. |
||
| 490 | 1 | _aThe Boxcar children mysteries | |
| 521 | _aG4 | ||
| 526 | _c640 | ||
| 650 | 0 |
_aBoxcar children (Fictitious characters) _vJuvenile fiction. _928137 |
|
| 650 | 0 |
_aOrphans _vJuvenile fiction. _928138 |
|
| 650 | 0 |
_aFamilies _vJuvenile fiction. _928139 |
|
| 650 | 1 |
_aBrothers and sisters _vFiction. _928140 |
|
| 650 | 1 |
_aOrphans _vFiction. _928141 |
|
| 650 | 1 |
_aRestaurants _vFiction. _928142 |
|
| 650 | 1 |
_aMystery and detective stories. _93790 |
|
| 655 | 7 |
_aDetective and mystery stories. _2gsafd _93472 |
|
| 700 | 1 |
_aTang, Charles, _eill. _928143 |
|
| 800 | 1 |
_aWarner, Gertrude Chandler, _d1890-1979. _tBoxcar children mysteries. _928144 |
|
| 906 |
_a7 _bcbc _corignew _d1 _eocip _f19 _gy-gencatlg |
||
| 942 |
_2lcc _cBK-SCHOLAS |
||
| 999 |
_c33346 _d33346 |
||